000 00928nas a2200301 4500
001 BR0500190
003 BR-BrBNA
005 20231205105055.0
007 ta
008 230509b bl.|||p| |||| 00| 00por d
040 _aBR-BrBNA
_bpor
_cBiblioteca Nacional de Agricultura
041 _a(En)
072 _aF60
100 1 _aMarouelli, W.A.
100 1 _aSilva, W.L.C.
100 1 _aMoretti, C.L.
245 1 _aProduction, quality and water use efficiency of processing tomato as affected by the final irrigation timing
650 _aTOMATE
650 _aDEFICIÊNCIA HÍDRICA
650 _aRELAÇÃO ÁGUA-PLANTA
650 _aRESPOSTA DA PLANTA
650 _aPRODUÇÃO
650 _aQUALIDADE
650 _aDISTRITO FEDERAL
773 0 _tHorticultura Brasileira (Brazil)
_xISSN 0102-0536
_g(Apr-Jun 2004), v. 22(2) p. 226-231
_wBR0500190
909 _a202311
_bLúcia
_c55
_dLúcia Elande
942 _2AGRIS
_n0
_cANA
999 _c181108
_d181108